• 首页
  • 本馆介绍
  • 公告通知
  • 最新文献
  • 馆藏检索
  • 电子资源
  • 读者导购
  • 参考咨询
  • 我的图书馆
  • 登录
  • 详细信息显示
  • 放入我的书架
  • 预约/预借图书
  • 作者相关作品
  • 分类相关作品
  • 丛书相关作品
  • 出版社相关作品

书目信息

  • 表格格式
  • 工作单格式
  • 卡片格式
题名:
地理教学论
    
 
作者: 李红 著
分册:  
出版信息: 广州   暨南大学出版社  2017
页数: 251页
开本: 26cm
丛书名:
单 册:
中图分类: G633.552
科图分类:
主题词: 中学地理课--教学研究
电子资源:
ISBN: 978-7-5668-2233-8
000 00889nam0 2200217 450
001 3993
005 20180527210535.85
010    @a978-7-5668-2233-8@dCNY49.80
100    @a20171222d2017 em y0chiy50 ea
101 0  @achi
102    @aCN@b440000
105    @ay z 000yy
200 1  @a地理教学论@9di li jiao xue lun@f李红著
210    @a广州@c暨南大学出版社@d2017
215    @a251页@d26cm
330    @a本书以培养中学地理教师必备的地理教育素养为主旨,主要从地理教学论的发展、地理教育的发展、地理课程、地理教学目标、地理教学媒体、地理教学方法、地理教学原则、地理课堂教学准备、地理课堂教学、地理课堂教学质量评价、地理实践活动、地理教师及地理教育研究十三个方面构建地理教学论理论体系,传承成熟的地理教育实践经验,理论与实践相结合。
606 0  @a中学地理课@x教学研究
690    @aG633.552@v5
701  0 @a李红@9li hong@4著
801  0 @aCN@b91MARC@c20171222
905    @aMuseLib@dG633.552@e308
    
    地理教学论/李红著.-广州:暨南大学出版社,2017
    251页;26cm
    
    
    ISBN 978-7-5668-2233-8:CNY49.80
    本书以培养中学地理教师必备的地理教育素养为主旨,主要从地理教学论的发展、地理教育的发展、地理课程、地理教学目标、地理教学媒体、地理教学方法、地理教学原则、地理课堂教学准备、地理课堂教学、地理课堂教学质量评价、地理实践活动、地理教师及地理教育研究十三个方面构建地理教学论理论体系,传承成熟的地理教育实践经验,理论与实践相结合。
●
相关链接 在E读中查询图书 在五车中查询图书 在当当中查询图书 在豆瓣中查询图书


正题名:地理教学论     索取号:G633.552/308         预约/预借

序号 登录号 条形码 馆藏地/架位号 状态 备注
1 1111466   211114667   第一样本阅览室/ [索取号:G633.552/308] 在馆    
2 1111467   211114676   教育系资料室/ [索取号:G633.552/308] 在馆    
3 1111468   211114685   教育系资料室/ [索取号:G633.552/308] 在馆    
4 1111469   211114694   第四借阅区/ [索取号:G633.552/308] 在馆    
唐山师范学院图书馆 欢迎您!
大连网信软件有限公司© 版权所有